Straw bale building

محفوظ في:
التفاصيل البيبلوغرافية
المؤلف الرئيسي: Chris Magwood
التنسيق: كتاب
اللغة:Undetermined
منشور في: Canada New Society Publishers 2000
الموضوعات:
الوسوم: إضافة وسم
لا توجد وسوم, كن أول من يضع وسما على هذه التسجيلة!
Thư viện lưu trữ: Trung tâm Học liệu Trường Đại học Cần Thơ
LEADER 00436nam a2200169Ia 4500
001 CTU_55970
008 210402s9999 xx 000 0 und d
082 |a 690 
082 |b M213 
100 |a Chris Magwood 
245 0 |a Straw bale building 
245 0 |c Chris Magwood 
260 |a Canada 
260 |b New Society Publishers 
260 |c 2000 
650 |a Building design 
980 |a Trung tâm Học liệu Trường Đại học Cần Thơ